Central Library OPAC University of Rajshahi

মরুতীর্থ হিংলাজ / (Record no. 44796)

MARC details
000 -LEADER
fixed length control field 00820nam a2200241 a 4500
001 - CONTROL NUMBER
control field 44796
003 - CONTROL NUMBER IDENTIFIER
rucl marc code BD-RjUL
005 - DATE AND TIME OF LATEST TRANSACTION
control field 20211209053923.0
008 - FIXED-LENGTH DATA ELEMENTS--GENERAL INFORMATION
fixed length control field 160720s1961 bg ||||| |||| 00| 0 ben d
020 ## - INTERNATIONAL STANDARD BOOK NUMBER
Terms of availability : PRs.5.00
035 ## - SYSTEM CONTROL NUMBER
System control number (BD-RjUL)44914
040 ## - CATALOGING SOURCE
Original cataloging agency BD-RjUL
Language of cataloging ben
Transcribing agency BD-RjUL
Modifying agency BD-RjUL
041 ## - LANGUAGE CODE
Language code of text/sound track or separate title ben
082 ## - DEWEY DECIMAL CLASSIFICATION NUMBER
Edition number 23
Classification number 891.443
Author mark and year ABM 1961
100 ## - MAIN ENTRY--PERSONAL NAME
Personal name অবধূত
9 (RLIN) 137311
245 10 - TITLE STATEMENT
Title মরুতীর্থ হিংলাজ /
Statement of responsibility, etc. অবধূত
250 ## - EDITION STATEMENT
Edition statement ১ম পাক. সং.
260 ## - PUBLICATION, DISTRIBUTION, ETC. (IMPRINT)
Place of publication, distribution, etc. ঢাকা :
Name of publisher, distributor, etc. ষ্ট্যান্ডার্ড পাবলিশার্স,
Date of publication, distribution, etc. ১৯৬১
300 ## - PHYSICAL DESCRIPTION
Pagination ২৯৩ পৃ. :
Illustrations চিত্র ;
Size ২২ সেমি.
650 ## - SUBJECT ADDED ENTRY--TOPICAL TERM
Topical term or geographic name as entry element বাংলা উপন্যাস
9 (RLIN) 137312
Topical term or geographic name as entry element Bengali fiction
9 (RLIN) 137313
942 ## - ADDED ENTRY ELEMENTS (KOHA)
Source of classification or shelving scheme Dewey Decimal Classification
Koha item type Books
Holdings
Lost status Source of classification or shelving scheme Damaged status Not for loan Collection code Permanent Location Current Location Shelving location Date acquired Source of acquisition Cost, normal purchase price Total Checkouts Full call number Date last seen Copy number Koha item type
  Dewey Decimal Classification     Fiction Central Library, University of Rajshahi Central Library, University of Rajshahi   13/07/1965 Ideal Library 5.00   B 891.443 ABM 1961 20/07/2016 C-2 Books
  Dewey Decimal Classification     Fiction Central Library, University of Rajshahi Central Library, University of Rajshahi   13/02/1965 Ideal Library, 5.00   B 891.443 ABM 1961 27/11/2016 C-3 Books
  Dewey Decimal Classification     Fiction Central Library, University of Rajshahi Central Library, University of Rajshahi   02/02/1967 N/A 5.00   B 891.443 ABM 1961 27/11/2016 C-4 Books
  Dewey Decimal Classification     Fiction Central Library, University of Rajshahi Central Library, University of Rajshahi   02/02/1967 Purchesed 5.00   B 891.443 ABM 1961 29/11/2016 C-5 Books
  Dewey Decimal Classification   Not For Loan Fiction Central Library, University of Rajshahi Central Library, University of Rajshahi Reading Room 13/03/1957 Nowroz katabistan 5.10   B 891.443 ABM 1961 21/10/2021 C-1 Books